[Event "Val Thorens op"]
[Site "Val Thorens"]
[Date "2009.??.??"]
[Round "5"]
[White "Azouit, Remi"]
[Black "Imperor, Lorene"]
[Result "1-0"]
[WhiteElo "1849"]
[BlackElo "1683"]
[PlyCount "85"]
[EventDate "2009.07.18"]
[EventType "swiss"]
[EventRounds "9"]
[EventCountry "FRA"]
[SourceTitle "CBM 131 Extra"]
[Source "ChessBase"]
[SourceDate "2009.09.03"]
[SourceVersion "2"]
[SourceVersionDate "2009.09.16"]
[SourceQuality "1"]

1. e4 c5 2. Nf3 Nc6 3. d4 cxd4 4. Nxd4 e5 5. Nf3 Nf6 6. Bd3 Bc5 7. Bg5 Qb6 8. 0-0 Qxb2 9. Nbd2 Qb6 10. Nc4 Qc7 11. Be3 b5 12. Bxc5 bxc4 13. Bxc4 Nxe4 14. Qd5 d6 15. Qxe4 dxc5 16. Bb5 Bb7 17. Nxe5 0-0 18. Bxc6 Bxc6 19. Nxc6 Rae8 20. Qa4 Re6 21. Nxa7 Ra8 22. Nb5 Rxa4 23. Nxc7 Re2 24. c3 Raxa2 25. Rxa2 Rxa2 26. Re1 h6 27. g3 Rc2 28. Nb5 Rb2 29. c4 Rb4 30. Nd6 Rb6 31. Ne4 Re6 32. Kf1 Re5 33. f4 Rf5 34. Rd1 Kf8 35. Rd5 Rxd5 36. cxd5 c4 37. Ke2 Ke7 38. Ke3 f5 39. Nc3 Kd6 40. Kd4 g5 41. Kxc4 gxf4 42. gxf4 Kd7 43. Kc5 1-0

[Event "FRA-ch U18"]
[Site "Le Grand Bornand"]
[Date "2007.04.08"]
[Round "1"]
[White "Azouit, Remi"]
[Black "Wunderman, Xavier"]
[Result "1/2-1/2"]
[WhiteElo "1860"]
[BlackElo "2136"]
[PlyCount "61"]
[EventDate "2007.04.07"]
[EventType "swiss"]
[EventRounds "9"]
[EventCountry "FRA"]
[SourceTitle "CBM 118 Extra"]
[Source "ChessBase"]
[SourceDate "2007.07.04"]
[SourceVersion "1"]
[SourceVersionDate "2007.07.04"]
[SourceQuality "1"]

1. e4 c6 2. d4 d5 3. exd5 cxd5 4. Nc3 Nc6 5. Bb5 Nf6 6. Bf4 a6 7. Be2 Qb6 8. Na4 Qa5+ 9. c3 b5 10. Nc5 b4 11. Nb3 Qb6 12. Nf3 e6 13. 0-0 Be7 14. Rc1 0-0 15. Ne5 Nxe5 16. Bxe5 Nd7 17. Bg3 f5 18. Bf4 Bd6 19. Qd2 bxc3 20. bxc3 Bb7 21. Rb1 Qc7 22. Bxd6 Qxd6 23. Rfe1 Rac8 24. Bd3 f4 25. Qc2 h6 26. Bf1 Rf6 27. Nd2 Ba8 28. Nf3 Qc6 29. Rb3 Bb7 30. Reb1 Ba8 31. Re1 1/2-1/2